[Event "Barcelona Primavera La Lira op 6th"]
[Site "Barcelona"]
[Date "2013.05.16"]
[Round "6"]
[White "Ramos Alvarez, Maximo"]
[Black "Strahle, Jurgen Alexander"]
[Result "1-0"]
[WhiteElo "1854"]
[BlackElo "1700"]
[PlyCount "55"]
[EventDate "2013.04.11"]
[EventType "swiss"]
[EventRounds "9"]
[EventCountry "ESP"]
[SourceTitle "CBM 154 Extra"]
[Source "ChessBase"]
[SourceDate "2013.06.25"]
[SourceVersion "2"]
[SourceVersionDate "2013.06.25"]
[SourceQuality "1"]

1. f4 d5 2. Nf3 Nf6 3. b3 Bf5 4. Bb2 e6 5. e3 Nc6 6. Bb5 Bd6 7. Nd4 Bg4 8. Nxc6 bxc6 9. Bxc6+ Kf8 10. Qc1 Ne4 11. 0-0 Rb8 12. d3 Nf6 13. Bd4 Qe7 14. Bxa7 Rd8 15. Bd4 e5 16. fxe5 Bxe5 17. Qb2 Bxd4 18. Qxd4 Rd6 19. Ba4 Re6 20. Nc3 Bh5 21. Nxd5 Nxd5 22. Qxd5 g5 23. Rae1 Rxe3 24. Qd4 f6 25. Rxe3 Qd6 26. Rxf6+ Qxf6 27. Qxf6+ Kg8 28. Re7 1-0